Italian journal of food science IJFS = Rivista italiana di scienza degli alimenti.

Detalles Bibliográficos
Formato: Electrónico Seriadas
Lenguaje:inglés
Publicado: Pinerolo, Italy : Chiriotti Editori, 1989-
Materias:
Acceso en línea:Full text available from Research Library: 01/01/2010 to present

MARC

LEADER 00000nas a2200000 a 4500
001 ssj0017504
003 WaSeSS
005 20200512172242.0
006 m d
007 cr n
008 900330c19899999it ar s 0 a0eng
010 |a sn 90013367  
015 |a 015744922  |2 dnb 
016 7 |a 1042416-7  |2 DE-600 
016 7 |a 015744922  |2 DE-101 
022 |l 1120-1770  |y 1120-1770 
030 |a ITFSEY 
035 |a (WaSeSS)ssj0017504 
040 |a AGL  |b eng  |c AGL  |d NSD  |d AGL  |d COO  |d DLC  |d OCLCQ  |d DLC  |d CUS  |d OCLCQ  |d HEBIS  |d GBVCP  |d OCLCQ  |d OCLCF  |d OCLCO  |d U3G  |d CUS  |d OCLCA  |d WaSeSS 
042 |a pcc 
050 1 4 |a TX501 
070 0 |a TX511.F62 
072 0 |a Q100 
072 0 |a Q500 
210 0 |a Ital. j. food sci.  |b (Testo stamp.) 
222 0 |a Italian journal of food science  |b (Testo stampato) 
245 0 0 |a Italian journal of food science  |h [electronic resource] :  |b IJFS = Rivista italiana di scienza degli alimenti. 
246 3 0 |a IJFS 
246 3 1 |a Rivista italiana di scienza degli alimenti 
260 |a Pinerolo, Italy :  |b Chiriotti Editori,  |c 1989- 
310 |a Quarterly 
362 0 |a Vol. 1, no. 1- 
500 |a Title from cover. 
506 |a License restrictions may limit access. 
588 |a Latest issue consulted: Vol. 1, no. 3, published in 1989. 
650 0 |a Food  |x Analysis  |v Periodicals. 
650 0 |a Food industry and trade  |v Periodicals. 
650 7 |a Food  |x Analysis.  |2 fast  |0 (OCoLC)fst00930460 
650 7 |a Food industry and trade.  |2 fast  |0 (OCoLC)fst00930843 
655 0 |a Electronic journals. 
850 |a DNAL  |a NIC 
856 4 0 |z Full text available from Research Library: 01/01/2010 to present  |u https://search.proquest.com/publication/406340